1530 1288 1041 1138 1485 1985 1083 1596 1632 1169 1277 1170 1602 1090 1872 1680 1603 1579 1498 1856 1260 1464 1351 1675 1775 1361 1787 1913 1851 1746 1997 1124 1393 1243 1420 1875 1939 1023 1398 1273 1542 1225 1166 1717 1139 1739 1888 1735 1565 1173 1076 1665 1386 1305 1386 1958 1212 1255 1321 1395 1434 1596 1996 1604 1308 1546 1825 1401 1900 1996 1284 1212 1136 1876 1440 1918 1404 1197 1845 1961 1579 1538 1719 1614 1646 1903 1563 1427 1584 1157 1574 1899 1590 1377 1898 1588 1846 1880 1065 BCNSPRNW ULIB Ver.6.0+V

เปลี่ยนเป็นภาษาไทย

Change to English
 แสดงรายละเอียดบรรณานุกรม
  กลับหน้าหลัก

Brief Record : Get Marc (ISO 2709) : E-mail record : QR code < ปิดหน้าต่าง
LEADER : 00000nam 2200000uu 4500
001    13399124252
003     ULIB
008    150215s2557||||th 000 0 tha d
020    ^a9789742935405
060  4 ^aWY 18 ^bม121ร
100 0  มนฑาทิพย์ ไชยศักดิ์.
245 00 ^aระเบียบวิธีการสอนการพยาบาลในคลินิก /^cมนฑาทิพย์ ไชยศักดิ์.
250    ^aพิมพ์ครั้งที่ 2.
260    ^aนนทบุรี:^bโครงการสวัสดิการวิชาการ สถาบันพระบรมราชชนก,^c2557.
300    ^a110 หน้า
650  7 ^aการพยาบาล^xการสอน.
650  7 ^aการพยาบาล
710 1  ครงการสวัสดิการวิชาการ สถาบันพระบรมราชชนก
945    ^p110^l0^i039121
945    ^p110^l0^i039122
945    ^p110^l0^i039123
945    ^p110^l0^i039124
945    ^p110^l0^i039125
945    ^p110^l0^i039126
945    ^p110^l0^i039127
999    ^aทศพร
รายการนี้ยังไม่มีแท็ก
คุณยังไม่ได้ล็อกอิน คุณสามารถมีกิจกรรมร่วมกับเว็บไซต์ได้ แต่ต้องล็อกอินก่อน ::
  ล็อกอิน

รายการสื่อสารสนเทศ

ลำดับที่ ประเภท เลขเรียก/บาร์โค้ด สถานที่ สถานะ
1. Book การพยาบาล
Book การพยาบาล
สถานะ=หนังสือเก่า
WY 18 ม121ร ฉ.1 
  Barcode: 039121
ห้องสมุดวิทยาเขตสวรรค์ประชารักษ์
►ส่วนจัดเก็บหนังสือเก่า สปร
บนชั้น
  ขอยืม
2. Book การพยาบาล
Book การพยาบาล
สถานะ=หนังสือเก่า
WY 18 ม121ร ฉ.2 
  Barcode: 039122
ห้องสมุดวิทยาเขตสวรรค์ประชารักษ์
►ส่วนจัดเก็บหนังสือเก่า สปร
บนชั้น
  ขอยืม
3. Book การพยาบาล
Book การพยาบาล
สถานะ=หนังสือเก่า
WY 18 ม121ร ฉ.3 
  Barcode: 039123
ห้องสมุดวิทยาเขตสวรรค์ประชารักษ์
►ส่วนจัดเก็บหนังสือเก่า สปร
บนชั้น
  ขอยืม
4. Book การพยาบาล
Book การพยาบาล
สถานะ=หนังสือเก่า
WY 18 ม121ร ฉ.4 
  Barcode: 039124
ห้องสมุดวิทยาเขตสวรรค์ประชารักษ์
►ส่วนจัดเก็บหนังสือเก่า สปร
บนชั้น
  ขอยืม
5. Book การพยาบาล
Book การพยาบาล
สถานะ=หนังสือเก่า
WY 18 ม121ร ฉ.5 
  Barcode: 039125
ห้องสมุดวิทยาเขตสวรรค์ประชารักษ์
►ส่วนจัดเก็บหนังสือเก่า สปร
บนชั้น
  ขอยืม
6. Book การพยาบาล
Book การพยาบาล
สถานะ=หนังสือเก่า
WY 18 ม121ร ฉ.6 
  Barcode: 039126
ห้องสมุดวิทยาเขตสวรรค์ประชารักษ์
►ส่วนจัดเก็บหนังสือเก่า สปร
บนชั้น
  ขอยืม
7. Book การพยาบาล
Book การพยาบาล
สถานะ=หนังสือเก่า
WY 18 ม121ร ฉ.7 
  Barcode: 039127
ห้องสมุดวิทยาเขตสวรรค์ประชารักษ์
►ส่วนจัดเก็บหนังสือเก่า สปร
บนชั้น
  ขอยืม

รายการใกล้เคียง
    ผู้แต่ง [มนฑาทิพย์ ไชยศักดิ์.]

    หัวเรื่อง [การพยาบาล]

BibComment


ยังไม่เคยถูกคอมเมนท์

คอมเมนท์ทรัพยากรรายการนี้
  คอมเมนท์: ระเบียบวิธีการสอ..


 Copyright 2026. Bcnsprnw @Library